| 000 | 00735cam a22002297a 4500 | ||
|---|---|---|---|
| 020 | _a9789251070505 | ||
| 020 | _a9251070504 | ||
| 040 | _cBTCTA | ||
| 082 | 0 | 0 | _a636 FOO 2011 A105 Or. |
| 245 | 0 | 0 | _aQuality assurance for animal feed analysis laboratories / |
| 260 |
_aRome : _bFood and Agriculture Organization of the United Nations, _c2011. |
||
| 300 |
_ax, 178 p. : _bill. ; _c24 cm. |
||
| 490 | 1 | _aFAO animal production and health manual ; | |
| 650 | 0 | _aFeeds | |
| 650 | 0 | _aFeeds | |
| 650 | 0 | _aAnimal nutrition. | |
| 650 | 0 | _aAnimal feeding. | |
| 700 | 1 | _aBalthrop, Jim. | |
| 710 | 2 | _aFood and Agriculture Organization of the United Nations. | |
| 856 | 4 | 1 | _uhttp://www.fao.org/docrep/014/i2441e/i2441e00.pdf |
| 942 | _cEK | ||
| 999 |
_c16133 _d16133 |
||